000 00590cab a2200193 4500
001 ABS39183
008 090401t1988 xxu||||| |||| 00| 0 eng d
035 _a(Sirsi) u14874
041 _aeng
245 _aRecruiting of specialists for the channel tunnel
260 _c1988
350 _a0
490 _aIDS Top Pay Unit Review
_v87, May 1988 13(1)
520 _aMore specialists are required to work on the Channel Tunnel project. These include quantity surveyors and civil engineers.
650 _aRECRUITMENT
690 _aECONOMIC AND SOCIAL
942 _n0
948 _c04/03/1997
999 _c9709
_d9709